<?xml version="1.0" encoding="UTF-8"?>
<collection xmlns="http://www.loc.gov/MARC21/slim">
 <record>
  <leader>01789nam a2200181 a 4500</leader>
  <controlfield tag="001">1/31536</controlfield>
  <controlfield tag="008">      s2003    lu     f      00010 gre d</controlfield>
  <datafield tag="022" ind1="0" ind2=" ">
   <subfield code="a">1027-250X</subfield>
  </datafield>
  <datafield tag="028" ind1="3" ind2="1">
   <subfield code="a">GF-HA-O4-009GR-C</subfield>
  </datafield>
  <datafield tag="035" ind1=" " ind2=" ">
   <subfield code="l">33857</subfield>
  </datafield>
  <datafield tag="040" ind1=" " ind2=" ">
   <subfield code="a">GR-PeUP</subfield>
  </datafield>
  <datafield tag="084" ind1=" " ind2=" ">
   <subfield code="2">KET</subfield>
   <subfield code="a">CdR 313/03</subfield>
  </datafield>
  <datafield tag="110" ind1="2" ind2=" ">
   <subfield code="a">Επιτροπή των Περιφερειών της Ευρωπαϊκής Ένωσης.</subfield>
  </datafield>
  <datafield tag="245" ind1="1" ind2="0">
   <subfield code="a">Γνωμοδότηση για την &quot;ανακοίνωση της Επιτροπής στο Συμβούλιο, στο Ευρωπαϊκό Κοινοβούλιο, στην Ευρωπαϊκή Οικονομική και Κοινωνική Επιτροπή και στην Επιτροπή των Περιφερειών σχετικά με τις δραστηριότητες του Ευρωπαϊκού Παρατηρητηρίου των φαινομένων ρατσισμού και ξενοφοβίες, και προτάσεις για την αναδιατύπωση του κανονισμού (ΕΚ) 1035/97 του Συμβουλίου, και την πρόταση κανονισμού του Συμβουλίου σχετικά με το Ευρωπαϊκό Παρατηρητήριο των φαινομένων ρατσισμού και ξενοφοβίας (αναδιατυπωμένη έκδοση) COM(2003) 483 τελικό /</subfield>
   <subfield code="c">Επιτροπή των Περιφερειών</subfield>
  </datafield>
  <datafield tag="260" ind1="0" ind2=" ">
   <subfield code="a">Βρυξέλλες, Λουξεμβούργο:</subfield>
   <subfield code="b">Υπηρεσία Επισήμων Εκδόσεων των Ευρωπαϊκών Κοινοτήτων,</subfield>
   <subfield code="c">12.2.2003</subfield>
  </datafield>
  <datafield tag="300" ind1=" " ind2=" ">
   <subfield code="a">5 σ. :</subfield>
   <subfield code="c">30 εκ.</subfield>
  </datafield>
  <datafield tag="500" ind1=" " ind2=" ">
   <subfield code="a">CdR 313/03 fin</subfield>
  </datafield>
  <datafield tag="852" ind1=" " ind2=" ">
   <subfield code="a">INST</subfield>
   <subfield code="b">UNIPILB</subfield>
   <subfield code="c">KET</subfield>
   <subfield code="e">20061116</subfield>
   <subfield code="h">CdR 313/03</subfield>
   <subfield code="p">CdR 313/03</subfield>
   <subfield code="q">CdR 313/03</subfield>
   <subfield code="t">NOLOAN</subfield>
   <subfield code="y">23</subfield>
   <subfield code="4">1</subfield>
  </datafield>
 </record>
</collection>
